000 00267nam a2200109Ia 4500
005 20251222144753.0
008 251222s9999||||xx |||||||||||||| ||spa||
082 _a291.4/C81
245 0 _aPastoral Juvenil:
264 _bCentro de Proyección Cristiana
942 _cLIB
999 _c19404
_d19404